000 00508nam a2200169 a 4500
005 20260112063241.0
039 _a201309121254
_bstaff
_y 200908242252
_z staff
110 _aOxford University Press.
245 _aOxford English Dictionary /
_cOxford.
250 _a2nd.ed Verson 3.1.1
260 _aLondon :
_bOxfod University Press ,
_c2007.
300 _ap. :
_ccm.
710 _aOxford University Press.
991 _aVIRTUA40
991 _aVTLSSORT0080*1100*2450*2500*2600*3000*7100*9992
909 _a1729
999 _c1703
_d1703